|
|
|
|
| LEADER |
01071nam a22002777a 4500 |
| 001 |
43638 |
| 003 |
BD-DhAAL |
| 005 |
20241031163345.0 |
| 008 |
241031t |||||||| |||| 00| 0 eng d |
| 020 |
|
|
|a 9780821343746
|
| 020 |
|
|
|a 0821343742
|
| 040 |
|
|
|a BD-DhAAL
|d BD-DhAAL
|
| 082 |
|
|
|a 338.90091724
|
| 245 |
|
|
|a World development indicators,
|f 1999 /
|c The World Bank.
|
| 260 |
|
|
|a Washington, D.C. :
|b World Bank,
|c ©1999
|
| 300 |
|
|
|a 263 pages :
|b illustrations, tables, maps ;
|c 28 cm.
|
| 541 |
|
|
|a Savar Campus Library
|e 43638
|
| 650 |
|
|
|a Economic development
|x Social aspects.
|
| 650 |
|
|
|a Economic development.
|
| 650 |
|
|
|a Economic indicators.
|
| 650 |
|
|
|a Public welfare
|z Developing countries.
|9 57102
|
| 651 |
|
|
|a Developing countries
|x Economic conditions.
|
| 710 |
|
|
|a The World Bank
|
| 942 |
|
|
|2 ddc
|c BK
|
| 999 |
|
|
|c 47083
|d 47083
|
| 952 |
|
|
|0 0
|1 0
|2 ddc
|4 0
|6 338_900917240000000_WOR
|7 0
|9 76860
|a SCL
|b SCL
|c GEN
|d 2024-10-31
|e Savar Campus Library
|l 0
|o 338.90091724 WOR
|p 3020043638
|r 2024-10-31
|t 1
|w 2024-10-31
|y BK
|x Price not available in register. Savar Campus Library
|